| 000 | 01315nam a2200313 i 4500 | ||
|---|---|---|---|
| 001 | 000048036 | ||
| 003 | DO-SdBNP | ||
| 005 | 20251119110704.0 | ||
| 007 | ta | ||
| 008 | 181102s2013 dr 000 0 spa d | ||
| 040 |
_aDO-SdBNP _bspa _cBNPHU _erda |
||
| 041 | _aspa | ||
| 082 | 4 |
_axxx _bR426r _222 |
|
| 110 | 1 |
_aRepública Dominicana. _9447 |
|
| 240 | 1 | 0 | _a[Leyes, etc.]. |
| 245 | 1 | 0 |
_aRecopilación normativa del sistema dominicano de seguridad social : _bley 87-01 y sus normas complementarias / _cprólogo, Francisco Domínguez Brito. |
| 264 | 4 |
_aSanto Domingo, República Dominicana : _bFundación Pellerano y Herrera, _c©2013. |
|
| 300 |
_a449 páginas _c23 cm. |
||
| 336 |
_atexto _btxt _2rdacontent |
||
| 337 |
_asin mediación _bn _2rdamedia |
||
| 338 |
_avolumen _bnc _2rdacarrier |
||
| 500 | _aIncluye referencias bibliográficas y notas al pie de las páginas. | ||
| 505 | 0 |
_aCaracterísticas del sistema dominicano de seguridad social -- _tSeguro de vejez, discapacidad y sobrevivencia -- _tSeguro familiar de salud -- _tSeguro de riesgos laborales -- _tSeguro de riesgos laborales -- _tAnexo. |
|
| 590 | _aInventariado, 2018/LP | ||
| 700 | 1 |
_aDomínguez Brito, Francisco, _eprologuista _910323 _4pr. |
|
| 710 | 2 |
_aFundación Pellerano & Herrera. _975532 |
|
| 910 | _aLP | ||
| 942 |
_2ddc _cLBS1 |
||
| 999 |
_c47524 _d47524 |
||